000
00350nam a2200133Ia 4500
008
100328s9999 xx 000 0 und d
082
_b
46495
100
_a
पै शिरीष
245
_a
प्रियजन
260
_b
प्रेस्टिज
630
_a
प्रियजन
730
_a
प्रियजन
942
_c
BOOK
999
_c
534456
_d
534453